=LDR 00000nam 2200000 4500 =001 INLIS000000000044451 =005 20131008105903 =008 ***********************************Ind** =035 ##$$0010-101300000002373 =041 ##$$a Ind =082 ##$$a 650.1 =090 ##$$a 650.1, Cri d =100 ##$$a Crisp, Michael =245 ##$$a 12 langkah Menuju Peningkatan-Diri, Profil Penilaian crisp =260 ##$$a 1993 $b Jakarta =300 ##$$a 107 hlm, ilus, 25 cm =650 ##$$a Profil =850 ##$$a NBPNMAT